Grounded - Alle Biome - Statistiken

Allgemein
  • Dieses Quiz wurde 8 mal gespielt
  • Das Durchschnittsergebnis liegt bei 6 aus 15
Antwortstatistiken
Tipp Antwort % Korrekt
Grill
75%
Hecke
75%
Sandkasten
75%
Grasland
50%
Koiteich
50%
Nebel
50%
Picknicktisch
50%
Blumenwiese
25%
Sub-Biom Eichenhügel
25%
Sub-Biom Flutgebiet
25%
Holzstapel
25%
Moldorc Hochland
25%
Müllhaufen
25%
Oberes Grasland
25%
Schuppen-Umgebung
25%
Keine übereinstimmenden Quizze gefunden
Verteilung der Resultate
Anzahl Personen mit jedem Resultat
Perzentil nach korrekt beantworteten Fragen
Ihre Resultats-Entwicklung
Sie haben dieses Quiz noch nicht gespielt